000 00415nam a2200157 i 4500
001 72468
003 ES-MaACL
005 20230906171438.0
007 t|
008 040901s1918 fr ||||1| fre d
100 1 _aGiraudoux, Jean.
_957248
245 1 0 _aSimon le pathetique /
_cJean Giraudoux.
260 _aParis :
_b[s.n.,
_c1918] (
_fImp. Orleanaise)
300 _a250 p. ;
_c18 cm.
852 _aES-MaACL
_jF-4755
999 _c72468
_d72468